• 首页
  • 本馆介绍
  • 公告通知
  • 最新文献
  • 馆藏检索
  • 电子资源
  • 读者导购
  • 参考咨询
  • 我的图书馆
  • 登录
  • 详细信息显示
  • 放入我的书架
  • 预约/预借图书
  • 作者相关作品
  • 分类相关作品
  • 丛书相关作品
  • 出版社相关作品

书目信息

  • 表格格式
  • 工作单格式
  • 卡片格式
题名:
击剑入门
    
 
作者: 林厚儒 编译
分册:  
出版信息: 北京   人民体育出版社  1984
页数: 54页
开本: 19cm
丛书名:
单 册:
中图分类: G885
科图分类:
主题词: 击剑
电子资源:
ISBN:
000 00594nam0 2200229 45
001 0184005731
005 20060516151539.37
010    @dCNY0.28
091    @a7015.2220
100    @a19951020d1984 em y0chiy0121 ea
101 0  @achi
102    @aCN@b110000
105    @ay z 000yy
200 10 @a击剑入门@Aji jian ru men@f林厚儒等编译@Flin hou ru deng bian yi
210    @a北京@c人民体育出版社@d1984
215    @a54页@d19cm
606    @a击剑
690    @aG885@v3
701  0 @a林厚儒@Alin hou ru@4编译
801  2 @aCN@bNLC@c20060516
801  0 @aCN@b深圳图书馆@c20040105
905    @dG885@e8
    
    击剑入门/林厚儒等编译.-北京:人民体育出版社,1984
    54页;19cm
    
    
    ISBN :CNY0.28
    
●
相关链接 在E读中查询图书 在五车中查询图书 在当当中查询图书 在豆瓣中查询图书


正题名:击剑入门     索取号:G885/8         预约/预借

序号 登录号 条形码 馆藏地/架位号 状态 备注
1 0139951   001866109   密集书库/ [索取号:G885/8] 在馆    
2 0139952   000991680   密集书库/ [索取号:G885/8] 在馆    
3 0139953   000991617   密集书库/ [索取号:G885/8] 在馆    
4 0139954   001866038   密集书库/ [索取号:G885/8] 在馆    
5 0139955   000991626   第一样本阅览室/ [索取号:G885/8] 在馆    
6 0139956   000991635   密集书库/ [索取号:G885/8] 在馆    
7 0139957   000991644   密集书库/ [索取号:G885/8] 在馆    
8 0139958   001866047   密集书库/ [索取号:G885/8] 在馆    
9 0139959   001866056   密集书库/ [索取号:G885/8] 在馆    
10 0139960   202354184   密集书库/ [索取号:G885/8] 在馆    
唐山师范学院图书馆 欢迎您!
大连网信软件有限公司© 版权所有